|
|
|
|
| LEADER |
00000nam0a2200000 4500 |
| 001 |
226646 |
| 005 |
20231101230739.0 |
| 035 |
|
|
|a (RuTPU)RU\TPU\book\247033
|
| 090 |
|
|
|a 226646
|
| 100 |
|
|
|a 20121126d1902 m y0gery50 ba
|
| 101 |
0 |
|
|a ger
|
| 102 |
|
|
|a DE
|
| 105 |
|
|
|a a j 001zy
|
| 200 |
1 |
|
|a Die Elektrischen Einrichtungen der Eisenbahnen
|h Eine Anleitung: Zum Selbststudium der Telegraphen - telephon und Elektrischen signal-Einrichtungen
|f R. Bauer, A. Prasch, O. Wehr
|
| 205 |
|
|
|a zweite auflage
|
| 210 |
|
|
|a Wien
|c Hartlebens Verlag
|d 1902
|
| 215 |
|
|
|a 432 s.
|c il.
|
| 320 |
|
|
|a Sachregister: s. 420-429.
|
| 606 |
1 |
|
|a Электрические железные дороги
|x Электропитание
|2 stltpush
|3 (RuTPU)RU\TPU\subj\26932
|9 50761
|
| 610 |
1 |
|
|a электрооборудование
|
| 610 |
1 |
|
|a телеграфная связь
|
| 610 |
1 |
|
|a телефонная связь
|
| 610 |
1 |
|
|a сигнальные устройства
|
| 610 |
1 |
|
|a учебные руководства
|
| 610 |
1 |
|
|a самоучители
|
| 610 |
1 |
|
|a немецкий язык
|
| 675 |
|
|
|a 621.331(07)
|v 3
|
| 700 |
|
1 |
|a Bauer
|b R.
|
| 701 |
|
1 |
|a Prasch
|b A.
|
| 701 |
|
1 |
|a Wehr
|b O.
|
| 801 |
|
1 |
|a RU
|b 63413507
|c 20121126
|
| 801 |
|
2 |
|a RU
|b 63413507
|c 20130611
|g RCR
|
| 942 |
|
|
|c BK
|